000 00410nam a2200157 i 4500
001 58163
003 ES-MaACL
005 20230906163736.0
007 t|
008 031021s1934 fr ||||1| fre d
100 1 _aDumesnil, René.
_945998
245 1 0 _aHistoire de la Musique illustrée /
_cRené Dumesnil.
260 _aParís :
_bPlon,
_c[1934]
300 _a286 p. ;
_c24 cm.
852 _aES-MaACL
_jA-3787
999 _c58163
_d58163